| 000 | 00541cam a2200181 a 4500 | ||
|---|---|---|---|
| 001 | 000008885 | ||
| 005 | 20200929161431.0 | ||
| 008 | 850509s1972 ck 000 0 spa | ||
| 040 |
_aDO-SdBNP _bspa _cBNPHU |
||
| 082 |
_axx _bxx |
||
| 100 | 1 |
_aDíaz Castro, Eugenio. _923437 |
|
| 245 | 1 | 3 |
_aEl rejo de enlazar / _cEugenio Díaz Castro. |
| 260 |
_aMedellín, Colombia : _bBedout, _c1972. |
||
| 300 |
_a239 p. ; _c21 cm. |
||
| 440 | 0 |
_aBolsilibros Bedout, _v119 _93750 |
|
| 650 | 4 |
_aNovela colombiana _91243 |
|
| 650 | 4 |
_aLiteratura colombiana _91244 |
|
| 999 |
_c8654 _d8654 |
||